[Event "Lichtenrader Herbst 2006"]
[Site "Berlin"]
[Date "2006.10.02"]
[Round "3.20"]
[White "Glantz, Robert"]
[Black "Bandow, Alexander"]
[Result "1-0"]
[WhiteElo "1926"]
[BlackElo "2153"]
[PlyCount "125"]
[EventDate "2006.??.??"]

1. e4 d5 2. exd5 Qxd5 3. Nc3 Qa5 4. d4 e5 5. Nf3 Bg4 6. Be2 Nc6 7. d5 O-O-O 8.
Bd2 Bxf3 9. Bxf3 Nd4 10. O-O Nxf3+ 11. Qxf3 Nf6 12. Qf5+ Kb8 13. Rfe1 Bd6 14.
Bg5 Bb4 15. Rxe5 Bxc3 16. bxc3 Qxc3 17. Rd1 Rhe8 18. Rxe8 Rxe8 19. h4 Re1+ 20.
Rxe1 Qxe1+ 21. Kh2 Qe5+ 22. Qxe5 Ng4+ 23. Kg3 Nxe5 24. h5 Nc4 25. Kf4 Kc8 26.
Be7 Kd7 27. Bf8 g6 28. g4 f6 29. Bc5 b6 30. Bd4 Ke7 31. Ke4 f5+ 32. gxf5 Nd6+
33. Kf4 Nxf5 34. Be5 Kd7 35. hxg6 hxg6 36. Kg5 b5 37. Bf6 Nd6 38. Kxg6 Nc4 39.
Kf5 Kd6 40. Ke4 Nd2+ 41. Kd3 Nc4 42. Kd4 a6 43. Bg5 c5+ 44. Ke4 b4 45. Bf4+ Kd7
46. Bh6 Nd6+ 47. Kf4 Ke7 48. Bg5+ Kf7 49. Bd8 Nc4 50. Ke4 Nd6+ 51. Kd3 Ke8 52.
Bc7 c4+ 53. Ke3 Nb7 54. Kd4 Kd7 55. d6 c3 56. Kc4 a5 57. Kb5 Ke6 58. Bxa5 Nxd6+
59. Kxb4 Kd5 60. Bb6 Ne4 61. Be3 Kd6 62. Kc4 Ke5 63. a3 1-0

[Event "Lichtenrader Herbst 2006"]
[Site "Berlin"]
[Date "2006.10.03"]
[Round "4.1"]
[White "Piepho, Niels"]
[Black "Figura, Atila Gajo"]
[Result "1/2-1/2"]
[WhiteElo "2218"]
[BlackElo "2352"]
[PlyCount "120"]
[EventDate "2006.??.??"]

1. Nf3 Nf6 2. g3 d5 3. Bg2 g6 4. b3 Bg7 5. Bb2 c5 6. O-O O-O 7. d4 Ne4 8. Ne5
cxd4 9. Bxd4 f6 10. Nd3 Nc6 11. Bb2 e5 12. c4 dxc4 13. Bxe4 cxd3 14. Qxd3 Qxd3
15. Bxd3 Be6 16. Nd2 f5 17. Bc4 Kf7 18. Rfd1 Rfd8 19. Kf1 Bh6 20. e3 e4 21. a3
Rd6 22. Bxe6+ Kxe6 23. Nc4 Rxd1+ 24. Rxd1 Bf8 25. Ke2 Rc8 26. Nd2 Ne5 27. Bxe5
Kxe5 28. Nc4+ Ke6 29. a4 g5 30. h3 h5 31. f3 exf3+ 32. Kxf3 g4+ 33. hxg4 hxg4+
34. Ke2 Be7 35. e4 Rf8 36. exf5+ Rxf5 37. Rd4 Rf3 38. Re4+ Kf6 39. Ne3 Rxg3 40.
Rxe7 Kxe7 41. Nf5+ Ke6 42. Nxg3 Kd5 43. Kd3 b5 44. a5 Kc5 45. Kc3 b4+ 46. Kd3
Kb5 47. Nf5 Kxa5 48. Ne3 g3 49. Ke2 Kb5 50. Nc4 a5 51. Nb2 Kc5 52. Ke3 g2 53.
Na4+ Kd5 54. Kf2 Kd4 55. Kxg2 Kd3 56. Kf2 Kc2 57. Nc5 Kb2 58. Ke2 Ka3 59. Kd2
a4 60. bxa4 b3 1/2-1/2

[Event "Lichtenrader Herbst 2006"]
[Site "Berlin"]
[Date "2006.10.03"]
[Round "4.2"]
[White "Schatz, Walter"]
[Black "Fette, Martin"]
[Result "0-1"]
[WhiteElo "2125"]
[BlackElo "2315"]
[PlyCount "106"]
[EventDate "2006.??.??"]

1. Nf3 Nc6 2. c4 Nf6 3. g3 e5 4. Bg2 g6 5. Nc3 Bg7 6. d4 exd4 7. Nxd4 O-O 8.
Nc2 d6 9. O-O Re8 10. Ne3 Ng4 11. Ned5 Nge5 12. b3 Bf5 13. Bb2 h5 14. h3 Nd7
15. Ne3 Rxe3 16. fxe3 Qg5 17. e4 Bxh3 18. Qe1 Bd4+ 19. e3 Qxe3+ 20. Qxe3 Bxe3+
21. Kh2 Bxg2 22. Kxg2 Bd4 23. Rab1 Nc5 24. Nd5 Bxb2 25. Rxb2 Ne6 26. Rbf2 Ne5
27. Nf6+ Kf8 28. g4 hxg4 29. Kg3 Ng5 30. Rf4 Kg7 31. Nxg4 Re8 32. Nf6 Rh8 33.
Nd5 c6 34. Nf6 Rh3+ 35. Kg2 Rd3 36. Rh1 Kf8 37. Rh8+ Ke7 38. Rf2 Ngf3 39. Nh7
g5 40. Rb8 Nh4+ 41. Kf1 g4 42. Rxb7+ Kd8 43. Rh2 Nef3 44. Rxh4 Nxh4 45. Rxf7 g3
46. Rg7 g2+ 47. Ke2 Rc3 48. Ng5 Rc2+ 49. Kd3 Rxa2 50. Ne6+ Kc8 51. Nf4 Rf2 52.
Ke3 Rb2 53. c5 dxc5 0-1

[Event "Lichtenrader Herbst 2006"]
[Site "Berlin"]
[Date "2006.10.03"]
[Round "4.3"]
[White "Giemsa, Stephan"]
[Black "Gebigke, Martin"]
[Result "1/2-1/2"]
[WhiteElo "2296"]
[BlackElo "2196"]
[PlyCount "35"]
[EventDate "2006.??.??"]

1. d4 Nf6 2. g3 d5 3. Bg2 e6 4. c4 Bb4+ 5. Nc3 O-O 6. Nf3 Ne4 7. Qc2 f5 8. O-O
c6 9. Ne5 Nd7 10. Nd3 Be7 11. e3 Qe8 12. Ne2 Bd6 13. f3 Nef6 14. f4 Ne4 15. b4
Ndf6 16. Rb1 Bd7 17. a4 a6 18. Ne5 1/2-1/2

[Event "Lichtenrader Herbst 2006"]
[Site "Berlin"]
[Date "2006.10.03"]
[Round "4.4"]
[White "Kiesekamp, Marcos"]
[Black "Maahs, Erich"]
[Result "1-0"]
[WhiteElo "2251"]
[BlackElo "2183"]
[PlyCount "113"]
[EventDate "2006.??.??"]

1. d4 d5 2. c4 dxc4 3. Nf3 Nf6 4. e3 a6 5. Bxc4 e6 6. O-O b5 7. Bb3 Bb7 8. Qe2
Nbd7 9. Rd1 c5 10. Nc3 Qc7 11. Bd2 Rc8 12. Rac1 Qb8 13. e4 b4 14. Na4 cxd4 15.
Nxd4 Rxc1 16. Bxc1 Bd6 17. g3 O-O 18. Be3 Re8 19. f3 Bf8 20. Bc4 Qa8 21. Nb3
Bc6 22. Nb6 Nxb6 23. Bxb6 Qb7 24. Bf2 Bb5 25. Bxb5 axb5 26. Nd4 Rb8 27. b3 h6
28. Kg2 Qb6 29. Rc1 Bc5 30. Nc6 Qxc6 31. Rxc5 Qa6 32. Be1 Nd7 33. Rc2 Ne5 34.
Bxb4 Nc6 35. Bc5 Qb7 36. Rd2 Rd8 37. Rxd8+ Nxd8 38. Qd3 Nc6 39. Qd6 e5 40. g4
Kh7 41. h4 f6 42. Kg3 Qc8 43. Qd3 Nd4 44. Bxd4 Qd7 45. Kf2 exd4 46. e5+ Kh8 47.
exf6 gxf6 48. Qg6 Qd6 49. Qxh6+ Kg8 50. Qg6+ Kf8 51. Ke2 Qe5+ 52. Qe4 Qc5 53.
Qd3 Qe5+ 54. Kd1 b4 55. Qf5 Qe3 56. Qxf6+ Kg8 57. Qg5+ 1-0

[Event "Lichtenrader Herbst 2006"]
[Site "Berlin"]
[Date "2006.10.03"]
[Round "4.5"]
[White "Teschke, Olaf"]
[Black "Shapiro, Yosip"]
[Result "1-0"]
[WhiteElo "2254"]
[BlackElo "2131"]
[PlyCount "87"]
[EventDate "2006.??.??"]

1. e4 e5 2. Nf3 Nc6 3. Bb5 a6 4. Bxc6 dxc6 5. O-O f6 6. d4 exd4 7. Nxd4 c5 8.
Nb3 Qxd1 9. Rxd1 Bd6 10. Be3 b6 11. a4 Be6 12. a5 Be5 13. f4 Bxb2 14. Ra2 Bd4
15. Bxd4 cxd4 16. axb6 cxb6 17. Rxd4 Rc8 18. Rb4 b5 19. Rxa6 Bc4 20. Na3 Ne7
21. Nxc4 bxc4 22. Na5 c3 23. Rb7 Kf7 24. Nc6 Rhe8 25. Kf2 Kf8 26. Nxe7 Rxe7 27.
Rxe7 Kxe7 28. Ra7+ Kf8 29. Kf3 h6 30. h4 Rc5 31. g3 h5 32. Ke3 g5 33. hxg5 fxg5
34. f5 Kg8 35. Kd4 Rc6 36. e5 Rh6 37. e6 h4 38. gxh4 gxh4 39. Ke5 h3 40. Ra8+
Kg7 41. Ra7+ Kg8 42. f6 Rh5+ 43. Kd6 h2 44. Rg7+ 1-0

[Event "Lichtenrader Herbst 2006"]
[Site "Berlin"]
[Date "2006.10.03"]
[Round "4.6"]
[White "Tchetchelnitski, Boris"]
[Black "Kristovic, Stjepan"]
[Result "0-1"]
[WhiteElo "2232"]
[BlackElo "2053"]
[PlyCount "196"]
[EventDate "2006.??.??"]

1. Nf3 d5 2. d4 Nf6 3. Bg5 e6 4. e3 Be7 5. Nbd2 Nbd7 6. Bd3 O-O 7. O-O a6 8.
Ne5 Nxe5 9. dxe5 Nd7 10. Bf4 g6 11. Bg3 f5 12. exf6 Bxf6 13. c3 Rf7 14. Qe2 b6
15. e4 Bb7 16. e5 Bg7 17. h4 Nf8 18. Qg4 h5 19. Qe2 Bh6 20. f4 Qe7 21. Rf2 Rg7
22. Nf3 Nd7 23. Re1 Rf8 24. Nd2 Nc5 25. Bc2 a5 26. b4 Ba6 27. Qe3 axb4 28. cxb4
Nd7 29. Rb1 c5 30. Qa3 Ra8 31. Nf3 Qe8 32. Qb2 Re7 33. a3 Bf8 34. Ng5 Rg7 35.
Kh2 Bc4 36. Qc3 b5 37. Rd2 Nb6 38. Bf2 d4 39. Qg3 cxb4 40. axb4 Nd5 41. Ne4 Qf7
42. Nf6+ Kh8 43. Qg5 d3 44. Bxd3 Bxd3 45. Rxd3 Nxf6 46. exf6 Rh7 47. Qxb5 Qc7
48. Rf3 Qc2 49. Qf1 Ra2 50. Rc1 Qe4 51. Bc5 Bxc5 52. bxc5 Rc7 53. Qd3 Qxd3 54.
Rxd3 Kg8 55. c6 Kf7 56. Rd6 Re2 57. Kg3 Kxf6 58. Kf3 Ra2 59. Re1 Re7 60. Rc1
Ra3+ 61. Ke4 Rc7 62. Rd7 Ra4+ 63. Ke3 Ra3+ 64. Rd3 Ra2 65. Kd4 Ra5 66. Ke4 Ra4+
{(=)} 67. Rd4 Ra2 68. g3 Ra3 69. Rd3 Ra4+ 70. Ke3 Ra6 71. Rdc3 Ra4 72. Rc4 Ra3+
73. R1c3 Ra5 74. Ke4 Rb5 75. Rc5 Rb4+ 76. Kd3 Ra4 77. Kc2 Ra2+ 78. Kb3 Ra6 79.
Kb4 Rb6+ 80. Ka5 Rb1 81. Ka4 Ra7+ 82. Ra5 Ra1+ 83. Kb4 R1xa5 84. c7 Ra4+ 85.
Kb5 Rxc7 86. Rxc7 Ra3 87. Kc4 Rxg3 88. Kd4 Rg4 89. Ke4 Rxh4 90. Rc5 Rh3 91. Rc8
Ra3 92. Rh8 Ra4+ 93. Kf3 Ra5 94. Rf8+ Kg7 95. Re8 Kf7 96. Rb8 e5 97. Rb7+ Kf6
98. Rb6+ Kg7 0-1

[Event "Lichtenrader Herbst 2006"]
[Site "Berlin"]
[Date "2006.10.03"]
[Round "4.7"]
[White "Offermann, Fernando"]
[Black "Meissner, Hans-Juergen"]
[Result "1/2-1/2"]
[WhiteElo "2082"]
[BlackElo "2225"]
[PlyCount "25"]
[EventDate "2006.??.??"]

1. d4 Nf6 2. c4 g6 3. Nc3 Bg7 4. e4 O-O 5. Be2 d6 6. Nf3 Na6 7. O-O e5 8. Be3
Ng4 9. Bg5 Qe8 10. c5 exd4 11. Nxd4 dxc5 12. Nb3 Nf6 13. Bxa6 1/2-1/2

[Event "Lichtenrader Herbst 2006"]
[Site "Berlin"]
[Date "2006.10.03"]
[Round "4.8"]
[White "Haemmerlein, Thomas"]
[Black "Glantz, Robert"]
[Result "1/2-1/2"]
[WhiteElo "2195"]
[BlackElo "1926"]
[PlyCount "67"]
[EventDate "2006.??.??"]

1. d4 Nf6 2. Nf3 g6 3. Bg5 Bg7 4. Nbd2 d5 5. e3 O-O 6. Bd3 c5 7. c3 Nc6 8. O-O
b6 9. Qe2 Re8 10. Bb5 Bd7 11. dxc5 bxc5 12. e4 dxe4 13. Nxe4 Nxe4 14. Qxe4 Qb6
15. Ba4 Rac8 16. Rad1 Bf5 17. Qe2 c4 18. Qe3 Bd3 19. Qxb6 axb6 20. Rfe1 e5 21.
Be3 Re6 22. Ng5 Rf6 23. f3 Rb8 24. Rd2 h6 25. Ne4 Re6 26. Nf2 b5 27. Nxd3 cxd3
28. Bb3 Rd6 29. Bc5 Rd7 30. Red1 Rbd8 31. Bb6 Rb8 32. Bc5 Rbd8 33. Bb6 Rb8 34.
Bc5 1/2-1/2

[Event "Lichtenrader Herbst 2006"]
[Site "Berlin"]
[Date "2006.10.03"]
[Round "4.10"]
[White "Welz, Peter"]
[Black "Zoellner, Rainer"]
[Result "1-0"]
[WhiteElo "2183"]
[BlackElo "1884"]
[PlyCount "83"]
[EventDate "2006.??.??"]

1. e4 e6 2. d4 d5 3. e5 c5 4. c3 Nc6 5. Nf3 Bd7 6. dxc5 Bxc5 7. Bd3 Nge7 8. O-O
Ng6 9. Re1 Qc7 10. Qe2 Rc8 11. h4 h6 12. h5 Nge7 13. Nbd2 a6 14. Nb3 Ba7 15.
Bf4 O-O 16. Qd2 Qb6 17. Re2 Nf5 18. g4 Nfe7 19. Bxh6 f6 20. Be3 Qc7 21. Bxa7
fxe5 22. Qe3 Rxf3 23. Qxf3 e4 24. Qe3 Nxa7 25. Bc2 Nac6 26. f4 exf3 27. Qxf3
Rf8 28. Qd3 Rf6 29. Rf1 Rxf1+ 30. Kxf1 Qf4+ 31. Rf2 Qh6 32. Qf3 Qf6 33. Qxf6
gxf6 34. Rxf6 e5 35. g5 e4 36. Nc5 Bh3+ 37. Ke1 Ne5 38. Nxe4 dxe4 39. Bxe4 Bg4
40. h6 Nd7 41. h7+ Kg7 42. Rf7+ 1-0

[Event "Lichtenrader Herbst 2006"]
[Site "Berlin"]
[Date "2006.10.03"]
[Round "4.11"]
[White "Bornschein, Burkhard"]
[Black "Boettcher, Patrick"]
[Result "1-0"]
[WhiteElo "2021"]
[BlackElo "2161"]
[PlyCount "127"]
[EventDate "2006.??.??"]

1. d4 Nf6 2. c4 e6 3. Nc3 c5 4. d5 exd5 5. cxd5 d6 6. e4 g6 7. f4 Bg7 8. Bb5+
Nfd7 9. a4 a6 10. Bd3 Qh4+ 11. g3 Qe7 12. Nf3 O-O 13. O-O Nf6 14. Kg2 Bg4 15.
h3 Bxf3+ 16. Qxf3 Nbd7 17. a5 Ne8 18. Bd2 Nc7 19. Rfe1 Rfe8 20. Qf1 Rab8 21.
Ra2 h5 22. Na4 h4 23. b4 Bd4 24. bxc5 Nxc5 25. Nxc5 Bxc5 26. Qf3 Bd4 27. Ra4
Bf6 28. Rc4 hxg3 29. Qg4 Nb5 30. Rec1 Bb2 31. R1c2 Bd4 32. Bb4 Qf6 33. Qxg3 Kg7
34. Rc1 Bb2 35. R1c2 Na3 36. Bxa3 Bxa3 37. Be2 Bc5 38. Bg4 Qa1 39. Qc3+ Qxc3
40. R2xc3 Ba7 41. Kf3 Re7 42. Rc7 Rbe8 43. Bd7 Rd8 44. Bc8 Rxc7 45. Rxc7 Bc5
46. e5 Kg8 47. Bxb7 Bb4 48. e6 fxe6 49. dxe6 Bxa5 50. Re7 d5 51. Bxa6 d4 52.
Bd3 Bb4 53. Rb7 Bc5 54. Kg4 Re8 55. Bxg6 Re7 56. Bf7+ Kg7 57. Rb8 Kf6 58. Rg8
Ra7 59. Rg6+ Ke7 60. f5 d3 61. f6+ Kd6 62. e7 d2 63. Bb3 Ra3 64. e8=Q 1-0

[Event "Lichtenrader Herbst 2006"]
[Site "Berlin"]
[Date "2006.10.03"]
[Round "4.12"]
[White "Getz, Nicolai"]
[Black "Poppner, Dietmar"]
[Result "1-0"]
[WhiteElo "1924"]
[BlackElo "2149"]
[PlyCount "57"]
[EventDate "2006.??.??"]

1. e4 c5 2. Nf3 Nc6 3. d4 cxd4 4. Nxd4 e6 5. Nc3 Qc7 6. Be2 a6 7. O-O Nf6 8.
Be3 b5 9. Bd3 h5 10. Nxc6 dxc6 11. h3 a5 12. e5 Qxe5 13. Qf3 Qb8 14. Ne4 Nxe4
15. Bxe4 Ra7 16. Rad1 f5 17. Bxc6+ Kf7 18. Rd8 g6 19. Bc5 Bxc5 20. Rxh8 Bd4 21.
Re8 Re7 22. Rxe7+ Kxe7 23. c3 Bf6 24. Qe3 g5 25. Rd1 Kf7 26. Bd7 Bxd7 27. Rxd7+
Kg6 28. Qxe6 Qf8 29. g4 1-0

[Event "Lichtenrader Herbst 2006"]
[Site "Berlin"]
[Date "2006.10.03"]
[Round "4.13"]
[White "Dimitrijeski, Kristian"]
[Black "Nowka, Oliver"]
[Result "1/2-1/2"]
[WhiteElo "2104"]
[BlackElo "1950"]
[PlyCount "71"]
[EventDate "2006.??.??"]

1. d4 h6 2. e4 g5 3. f4 d6 4. fxg5 hxg5 5. Bxg5 Bg7 6. Bc4 Nd7 7. Nc3 c5 8. Nf3
cxd4 9. Nxd4 Qa5 10. Be3 Be5 11. Qd2 Ngf6 12. O-O-O Nc5 13. Nd5 Qxd2+ 14. Rxd2
Nxd5 15. exd5 Rxh2 16. Rxh2 Bxh2 17. Rd1 Be5 18. Rh1 Kf8 19. Nf3 Bg7 20. Ng5
Nd7 21. Nf3 Ne5 {(=)} 22. Nxe5 Bxe5 23. Bd3 b6 24. b3 Bc3 25. Bh6+ Bg7 26. Bg5
Bb7 27. c4 Rc8 28. Kd2 b5 29. Rf1 bxc4 30. bxc4 Ba6 31. Be3 Rb8 32. Rc1 Bc8 33.
Rb1 Rxb1 34. Bxb1 a6 35. Bc2 Be5 36. Bh6+ 1/2-1/2

[Event "Lichtenrader Herbst 2006"]
[Site "Berlin"]
[Date "2006.10.03"]
[Round "4.14"]
[White "Postler, Reinhard"]
[Black "Hesselbarth, Karlheinz"]
[Result "1-0"]
[WhiteElo "2331"]
[BlackElo "1933"]
[PlyCount "41"]
[EventDate "2006.??.??"]

1. e4 e5 2. Nf3 Nc6 3. Bb5 a6 4. Ba4 d6 5. c3 Bd7 6. O-O Nge7 7. d4 Ng6 8. d5
Nb8 9. c4 a5 10. Nc3 Be7 11. Be3 h6 12. a3 Na6 13. b4 b6 14. Rb1 axb4 15. axb4
Bg5 16. Bxd7+ Qxd7 17. Ra1 Bxe3 18. fxe3 O-O 19. Qa4 Qc8 20. Ra2 Qb7 21. Rfa1
1-0

[Event "Lichtenrader Herbst 2006"]
[Site "Berlin"]
[Date "2006.10.03"]
[Round "4.15"]
[White "Knopf, Roland"]
[Black "Kaiser, Martin"]
[Result "1/2-1/2"]
[WhiteElo "1930"]
[BlackElo "2186"]
[PlyCount "85"]
[EventDate "2006.??.??"]

1. d4 Nf6 2. Nf3 b6 3. c4 e6 4. a3 Ba6 5. Qc2 c5 6. Bg5 Be7 7. e4 O-O 8. Bd3 h6
9. Bd2 cxd4 10. Nxd4 d6 11. O-O Qd7 12. Nc3 Nc6 13. Nf3 Rac8 14. b4 Ne5 15.
Nxe5 dxe5 16. Rfd1 Rfd8 17. Be1 Qc7 18. b5 Bb7 19. a4 Nd7 20. f3 Bc5+ 21. Bf2
Bd4 22. Be2 Qc5 23. Bf1 Nf6 24. Na2 Rd7 25. Bxd4 Rxd4 26. Kh1 Rcd8 27. Rxd4
exd4 28. Rd1 e5 29. Nc3 {(=)} 29... Rc8 30. Nb1 Rc7 31. Nd2 Bc8 32. Qa2 Be6 33.
Qb2 Ne8 34. g3 Nd6 35. Rc1 f5 36. Bd3 f4 37. gxf4 exf4 38. Nb3 Qb4 39. Qxd4 Nf7
40. Qc3 Qxc3 41. Rxc3 Ne5 42. Nd4 Bf7 43. Be2 1/2-1/2

[Event "Lichtenrader Herbst 2006"]
[Site "Berlin"]
[Date "2006.10.03"]
[Round "4.16"]
[White "Kurbel, Horst-Peter"]
[Black "Jaeschke, Jens-Uwe"]
[Result "0-1"]
[WhiteElo "1897"]
[BlackElo "2180"]
[PlyCount "62"]
[EventDate "2006.??.??"]

1. d4 f5 2. Nf3 Nf6 3. g3 g6 4. Bg2 Bg7 5. O-O O-O 6. c4 d6 7. Nc3 Qe8 8. Qc2
Na6 9. a3 e5 10. dxe5 dxe5 11. e3 e4 12. Nd4 Nc5 13. b4 Nd3 14. Bd2 c6 15. f3
exf3 16. Nxf3 Ne5 17. Nxe5 Qxe5 18. e4 Qd4+ 19. Kh1 Qxc4 20. exf5 Bxf5 21. Qa2
Qxa2 22. Nxa2 Ne4 23. Rad1 Nxd2 24. Rxd2 Rad8 25. Rfd1 Bf6 26. b5 cxb5 27. Bxb7
Rxd2 28. Rxd2 a5 29. Ba6 Bg5 30. Re2 Bd3 31. Re1 Bd2 0-1

[Event "Lichtenrader Herbst 2006"]
[Site "Berlin"]
[Date "2006.10.03"]
[Round "4.17"]
[White "Stippekohl, Peter"]
[Black "Fieguth, Bernd"]
[Result "1-0"]
[WhiteElo "2177"]
[BlackElo "1860"]
[PlyCount "57"]
[EventDate "2006.??.??"]

1. Nf3 Nf6 2. c4 e6 3. e3 b6 4. Be2 Be7 5. O-O O-O 6. b3 Bb7 7. Bb2 d5 8. d3
Nbd7 9. Nbd2 c6 10. Qc2 Rc8 11. Ne5 Nxe5 12. Bxe5 Nd7 13. Bg3 Bf6 14. Rac1 Qe7
15. d4 c5 16. dxc5 Nxc5 17. Qb1 Rfd8 18. Rfd1 g6 19. b4 Nd7 20. cxd5 Bxd5 21.
Bc7 Re8 22. Ba6 Rxc7 23. Rxc7 Be5 24. Rc2 Qh4 25. f4 Qg4 26. Nf1 Kg7 27. h3 Qh5
28. Be2 Qh4 29. Bb5 1-0

[Event "Lichtenrader Herbst 2006"]
[Site "Berlin"]
[Date "2006.10.03"]
[Round "4.18"]
[White "Witte, Ronald"]
[Black "Merz, Ruediger"]
[Result "0-1"]
[WhiteElo "2122"]
[BlackElo "1851"]
[PlyCount "120"]
[EventDate "2006.??.??"]

1. e4 c5 2. Nf3 d6 3. d4 cxd4 4. Nxd4 Nf6 5. Nc3 a6 6. Bg5 e6 7. f4 Qb6 8. Qd2
Qxb2 9. Rb1 Qa3 10. e5 Nfd7 11. Rb3 Qa5 12. exd6 Nc5 13. Rb1 f6 14. Bh4 Bxd6
15. Bg3 O-O 16. Ne4 Qxd2+ 17. Nxd2 b5 18. Be2 Bb7 19. Bf3 Bxf3 20. N4xf3 Nc6
21. O-O Rfd8 22. Rfe1 Kf7 23. Ne4 Nxe4 24. Rxe4 Bc5+ 25. Bf2 Bxf2+ 26. Kxf2 Rd6
27. a3 Na5 28. a4 Rc8 29. axb5 Rxc2+ 30. Kg3 Rc4 31. Re2 Rb6 32. Ra2 Nc6 33.
Rxa6 Rxa6 34. bxa6 Ra4 35. Rb6 Ne7 36. Nd2 Nd5 37. Rb7+ Kg6 38. a7 Nxf4 39.
a8=Q Nh5+ 40. Kf3 Rxa8 41. g4 Ra3+ 42. Nb3 e5 43. gxh5+ Kxh5 44. Ke4 Kh6 45.
Kf3 g5 46. Kg4 Kg6 47. Kg3 h5 48. Kg2 Ra2+ 49. Kg1 Rb2 50. Nc5 Rxb7 51. Nxb7
Kf5 52. Nd6+ Kf4 53. Ne8 f5 54. Ng7 h4 55. h3 g4 56. Ne6+ Kg3 57. hxg4 fxg4 58.
Ng7 h3 59. Nh5+ Kf3 60. Kh2 e4 0-1

[Event "Lichtenrader Herbst 2006"]
[Site "Berlin"]
[Date "2006.10.03"]
[Round "4.19"]
[White "Jaeger, Andre"]
[Black "Voelker, Thomas"]
[Result "1-0"]
[WhiteElo "2120"]
[BlackElo "1811"]
[PlyCount "91"]
[EventDate "2006.??.??"]

1. d4 d5 2. c4 e6 3. Nc3 c6 4. cxd5 exd5 5. Qc2 g6 6. Bf4 Bd6 7. Bg3 Bf5 8. Qd2
Na6 9. e3 Nc7 10. Nf3 Nf6 11. Bh4 Be7 12. Be2 Ne4 13. Nxe4 Bxe4 14. Bxe7 Qxe7
15. O-O Bxf3 16. Bxf3 f5 17. b4 a6 18. a4 O-O 19. Rac1 Qd6 20. g3 Rf7 21. Qc3
Re7 22. Rc2 Kf7 23. Rb1 Kf6 24. Kg2 h5 25. h4 Kf7 26. Be2 Kf6 27. b5 axb5 28.
axb5 cxb5 29. Bxb5 Ne6 30. Qb4 Qxb4 31. Rxb4 Ra7 {(=)} 32. Be2 Rd7 33. Rb6 Kf7
34. Rcb2 Nd8 35. R2b5 Ra6 36. Rxa6 bxa6 37. Ra5 Rd6 38. Rxa6 Rxa6 39. Bxa6 Nc6
40. Bb7 Ne7 41. Kf3 Ke6 42. Kf4 Kf6 43. f3 Ke6 44. Kg5 Kf7 45. e4 fxe4 46. fxe4
1-0

[Event "Lichtenrader Herbst 2006"]
[Site "Berlin"]
[Date "2006.10.03"]
[Round "4.20"]
[White "Schlueter, Bernd"]
[Black "Hahlbohm, Matthias"]
[Result "1/2-1/2"]
[WhiteElo "1825"]
[BlackElo "2114"]
[PlyCount "68"]
[EventDate "2006.??.??"]

1. d4 d5 2. Nf3 Nf6 3. c4 e6 4. Nc3 Be7 5. Bg5 O-O 6. e3 h6 7. Bh4 Ne4 8. Bxe7
Qxe7 9. Qc2 Nxc3 10. Qxc3 Nd7 11. Rc1 c6 12. Bd3 f5 13. O-O Nf6 14. Ne5 Kh7 15.
Qc2 g6 16. f3 Nd7 17. Nxd7 Bxd7 18. e4 Qg7 19. e5 Rac8 20. c5 Be8 21. b4 a6 22.
a4 g5 23. Rb1 Kh8 24. b5 axb5 25. axb5 Ra8 26. b6 g4 27. f4 g3 28. h3 Bh5 29.
Ra1 Qe7 30. Be2 Qh4 31. Bxh5 Qxh5 32. Ra7 Rab8 33. Qd1 Qxd1 34. Rxd1 h5 1/2-1/2

[Event "Lichtenrader Herbst 2006"]
[Site "Berlin"]
[Date "2006.10.04"]
[Round "5.1"]
[White "Fette, Martin"]
[Black "Kiesekamp, Marcos"]
[Result "1/2-1/2"]
[WhiteElo "2315"]
[BlackElo "2251"]
[PlyCount "71"]
[EventDate "2006.??.??"]

1. e4 c5 2. Nf3 e6 3. Nc3 a6 4. d4 cxd4 5. Nxd4 Nc6 6. g3 d6 7. Bg2 Qc7 8. O-O
Nf6 9. Re1 Be7 10. Nxc6 bxc6 11. e5 dxe5 12. Rxe5 Nd5 13. Nxd5 cxd5 14. Bf4 Qc4
15. Qe2 Qxe2 16. Rxe2 a5 17. c4 Ba6 18. b3 Rc8 19. Bxd5 exd5 20. Rae1 O-O 21.
Rxe7 dxc4 22. Ra7 Ra8 23. Ree7 cxb3 24. axb3 Bd3 25. Rxf7 Rxa7 26. Rxa7 Bc2 27.
Bd6 Re8 28. f4 Bxb3 29. Be5 Bf7 30. Rxa5 Re7 31. f5 Be8 32. g4 h5 33. g5 g6 34.
Bf6 Re2 35. Ra7 gxf5 36. Re7 1/2-1/2

[Event "Lichtenrader Herbst 2006"]
[Site "Berlin"]
[Date "2006.10.04"]
[Round "5.2"]
[White "Figura, Atila Gajo"]
[Black "Welz, Peter"]
[Result "1-0"]
[WhiteElo "2352"]
[BlackElo "2183"]
[PlyCount "89"]
[EventDate "2006.??.??"]

1. d4 f5 2. g3 Nf6 3. Bg2 e6 4. Nf3 Be7 5. O-O O-O 6. c4 d6 7. Nc3 Qe8 8. b4
Qh5 9. Qb3 Kh8 10. c5 d5 11. Bf4 Bd8 12. Rac1 Nc6 13. b5 Ne7 14. c6 bxc6 15.
bxc6 Ng6 16. e3 Ba6 17. Rfe1 Ne4 18. Ne5 Nxe5 19. Bxe5 Rf7 20. Qa3 Bc8 21. Nxe4
fxe4 22. Qa5 Qf5 23. Re2 h5 24. h3 Kh7 25. Rb1 a6 26. Rb3 Qg5 27. Reb2 Qf5 28.
Rb7 Bxb7 29. cxb7 Rb8 30. Qxa6 Bf6 31. Qa7 Rxb7 32. Qxb7 Bxe5 33. dxe5 Qxe5 34.
Rc2 h4 35. g4 Qa1+ 36. Bf1 Qf6 37. Qc6 Qe5 38. a4 g6 39. a5 Kh6 40. a6 Rf3 41.
Qxc7 Qa1 42. Qc3 Qd1 43. Qh8+ Kg5 44. Qe5+ Kh6 45. Rc8 1-0

[Event "Lichtenrader Herbst 2006"]
[Site "Berlin"]
[Date "2006.10.04"]
[Round "5.3"]
[White "Kristovic, Stjepan"]
[Black "Giemsa, Stephan"]
[Result "0-1"]
[WhiteElo "2053"]
[BlackElo "2296"]
[PlyCount "58"]
[EventDate "2006.??.??"]

1. e4 e6 2. d4 d5 3. e5 c5 4. c3 Nc6 5. f4 Nh6 6. Nf3 cxd4 7. cxd4 Nf5 8. Bb5
Bd7 9. Bxc6 bxc6 10. O-O c5 11. Kh1 h5 12. g3 Rc8 13. Nc3 cxd4 14. Nxd4 Nxd4
15. Qxd4 Bc5 16. Qd3 Bc6 17. h4 O-O 18. Kh2 d4 19. Nd1 Qd5 20. Rg1 Bb6 21. a4
Qf3 22. Ra3 Qxd3 23. Rxd3 Bxa4 24. Nf2 Rc2 25. Rd2 Rfc8 26. b3 Bxb3 27. Nd3
Rxd2+ 28. Bxd2 Rc2 29. Rg2 a5 0-1

[Event "Lichtenrader Herbst 2006"]
[Site "Berlin"]
[Date "2006.10.04"]
[Round "5.4"]
[White "Gebigke, Martin"]
[Black "Teschke, Olaf"]
[Result "0-1"]
[WhiteElo "2196"]
[BlackElo "2254"]
[PlyCount "114"]
[EventDate "2006.??.??"]

1. d4 Nf6 2. c4 e5 3. dxe5 Ng4 4. Bf4 Bb4+ 5. Nd2 d6 6. exd6 Qf6 7. Nh3 Nxf2 8.
Kxf2 Bxh3 9. g3 Bf5 10. dxc7 Nc6 11. h4 Qxb2 12. Nf3 O-O 13. Bh3 Bxh3 14. Rxh3
Rfe8 15. Rh1 Bc5+ 16. Kf1 Bb6 17. Rh2 Rac8 18. e3 Qf6 19. Rb1 Bxc7 20. Rxb7 Bb6
21. Rd2 Na5 22. Rd6 Qf5 23. g4 Qc5 24. Rbd7 Nxc4 25. Rd4 Qb5 26. Rd3 Nxe3+ 27.
Bxe3 Rxe3 28. Kg2 Rxd3 29. Rxd3 Qc4 30. Kh3 Qxa2 31. h5 Qc2 32. Qf1 Qc1 33. Rd1
Qf4 34. Rd3 h6 35. Qe2 Bc7 36. Nh4 Be5 37. Rf3 Qd4 38. Nf5 Qc5 39. Re3 Bf6 40.
Rf3 Qc6 41. Qf2 Kh7 42. Ra3 Qh1+ 43. Qh2 Rc3+ 44. Rxc3 Qxh2+ 45. Kxh2 Bxc3 46.
Ne7 a5 47. Nd5 Be5+ 48. Kg2 a4 49. Nb4 Kg8 50. Kf3 Kf8 51. Ke4 Bd6 52. Na2 Ke7
53. Kf5 Kd7 54. Nc3 a3 55. Na2 Kc6 56. Ke4 Kc5 57. Kd3 Kd5 0-1

[Event "Lichtenrader Herbst 2006"]
[Site "Berlin"]
[Date "2006.10.04"]
[Round "5.5"]
[White "Bornschein, Burkhard"]
[Black "Piepho, Niels"]
[Result "0-1"]
[WhiteElo "2021"]
[BlackElo "2218"]
[PlyCount "82"]
[EventDate "2006.??.??"]

1. d4 Nf6 2. c4 g6 3. Nc3 Bg7 4. e4 d6 5. Nf3 O-O 6. Be2 e5 7. O-O Nc6 8. d5
Ne7 9. b4 Nh5 10. Re1 Nf4 11. Bf1 a5 12. bxa5 Rxa5 13. a4 c5 14. Ra3 h6 15. Nd2
f5 16. g3 Nh5 17. exf5 Nxf5 18. Nb5 Nf6 19. Bg2 Ra6 20. Ne4 Bd7 21. f4 Nxe4 22.
Bxe4 Kh7 23. Qd3 Ne7 24. Qe2 Qc8 25. Bf3 Nf5 26. Be4 Re8 27. Qd3 Ne7 28. Rf1
Bf5 29. Bxf5 Nxf5 30. g4 e4 31. Qh3 Nd4 32. Kh1 Qd7 33. f5 gxf5 34. g5 Nf3 35.
gxh6 Be5 36. Raxf3 exf3 37. Rxf3 Rxa4 38. Na3 Rf8 39. Qf1 Qf7 40. Qe2 Qh5 41.
Qf2 Bxh2 0-1

[Event "Lichtenrader Herbst 2006"]
[Site "Berlin"]
[Date "2006.10.04"]
[Round "5.6"]
[White "Postler, Reinhard"]
[Black "Getz, Nicolai"]
[Result "1/2-1/2"]
[WhiteElo "2331"]
[BlackElo "1924"]
[PlyCount "32"]
[EventDate "2006.??.??"]

1. e4 e6 2. d4 d5 3. Nd2 dxe4 4. Nxe4 Nd7 5. Nf3 Ngf6 6. Nxf6+ Nxf6 7. Bg5 c5
8. c3 cxd4 9. Bb5+ Bd7 10. Nxd4 a6 11. Bxd7+ Qxd7 12. Bxf6 gxf6 13. Qf3 f5 14.
O-O-O Qc7 15. Rd3 O-O-O 16. h3 Bc5 1/2-1/2